|
|
|
|
| LEADER |
00000cam a2200000 c 4500 |
| 001 |
275725367 |
| 003 |
DE-627 |
| 005 |
20251222212911.0 |
| 007 |
tu |
| 008 |
890731s1989 xxk||||| 00| ||eng c |
| 016 |
7 |
|
|a b8845115
|2 UK
|
| 020 |
|
|
|a 0521353564
|9 0-521-35356-4
|
| 020 |
|
|
|a 052135871X
|9 0-521-35871-X
|
| 020 |
|
|
|a 9780521358712
|c : pbk.
|9 978-0-521-35871-2
|
| 035 |
|
|
|a (DE-627)275725367
|
| 035 |
|
|
|a (DE-576)018286917
|
| 035 |
|
|
|a (DE-599)GBV275725367
|
| 035 |
|
|
|a (OCoLC)246849169
|
| 035 |
|
|
|a (OCoLC)18257235
|
| 035 |
|
|
|a (OCoLC)18257235
|
| 035 |
|
|
|a (DE-604)8018748325
|
| 040 |
|
|
|a DE-627
|b ger
|c DE-627
|e rakwb
|
| 041 |
|
|
|a eng
|
| 044 |
|
|
|c XA-GB
|c XD-US
|
| 050 |
|
0 |
|a BF575.A3
|
| 060 |
|
0 |
|a BF 575.A3 A2653
|
| 082 |
0 |
|
|a 302.54
|
| 082 |
0 |
|
|a 302.5/4
|
| 084 |
|
|
|a 3,6
|2 ssgn
|
| 084 |
|
|
|a CV 8000
|2 rvk
|0 (DE-625)rvk/19169:
|
| 084 |
|
|
|a CP 3800
|2 rvk
|0 (DE-625)rvk/18982:
|
| 084 |
|
|
|a MR 6100
|2 rvk
|0 (DE-625)rvk/123529:
|
| 084 |
|
|
|a LB 51000
|2 rvk
|0 (DE-625)rvk/90566:772
|
| 245 |
0 |
0 |
|a Aggression and war
|b their biological and social bases
|c ed. by Jo Groebel ...
|
| 250 |
|
|
|a 1. publ.
|
| 264 |
|
1 |
|a Cambridge [u.a.]
|b Cambridge Univ. Press
|c 1989
|
| 300 |
|
|
|a XVI, 237 S.
|
| 336 |
|
|
|a Text
|b txt
|2 rdacontent
|
| 337 |
|
|
|a ohne Hilfsmittel zu benutzen
|b n
|2 rdamedia
|
| 338 |
|
|
|a Band
|b nc
|2 rdacarrier
|
| 500 |
|
|
|a Literaturangaben
|
| 583 |
1 |
|
|a Massenentsäuerung nicht möglich
|2 pdager
|5 DE-18
|
| 583 |
1 |
|
|a Archivierung prüfen
|c 20240324
|f DE-4165
|z 3
|2 pdager
|
| 650 |
|
0 |
|a Aggressiveness
|
| 650 |
|
0 |
|a Aggressiveness
|x Physiological aspects
|
| 650 |
|
0 |
|a Aggressiveness
|x Social aspects
|
| 650 |
|
0 |
|a War
|x Psychological aspects
|
| 650 |
|
2 |
|a Aggression
|
| 650 |
|
2 |
|a War
|
| 650 |
|
4 |
|a Aggression
|
| 650 |
|
4 |
|a Trieb
|
| 650 |
|
4 |
|a Lernen, soziales
|
| 650 |
|
4 |
|a Soziales Verhalten
|
| 650 |
|
4 |
|a Krieg
|
| 655 |
|
7 |
|a Aufsatzsammlung
|0 (DE-588)4143413-4
|0 (DE-627)105605727
|0 (DE-576)209726091
|2 gnd-content
|
| 689 |
0 |
0 |
|d s
|0 (DE-588)4141621-1
|0 (DE-627)105618969
|0 (DE-576)209712791
|a Aggressivität
|2 gnd
|
| 689 |
0 |
1 |
|d s
|0 (DE-588)4129436-1
|0 (DE-627)105709891
|0 (DE-576)209610506
|a Sozialanthropologie
|2 gnd
|
| 689 |
0 |
|
|5 (DE-627)
|
| 689 |
1 |
0 |
|d s
|0 (DE-588)4141621-1
|0 (DE-627)105618969
|0 (DE-576)209712791
|a Aggressivität
|2 gnd
|
| 689 |
1 |
1 |
|d s
|0 (DE-588)4033114-3
|0 (DE-627)104360070
|0 (DE-576)209000309
|a Krieg
|2 gnd
|
| 689 |
1 |
|
|5 (DE-627)
|
| 689 |
2 |
0 |
|d s
|0 (DE-588)4000732-7
|0 (DE-627)106400215
|0 (DE-576)208839216
|a Aggression
|2 gnd
|
| 689 |
2 |
|
|5 (DE-627)
|
| 689 |
3 |
0 |
|d s
|0 (DE-588)4000732-7
|0 (DE-627)106400215
|0 (DE-576)208839216
|a Aggression
|2 gnd
|
| 689 |
3 |
1 |
|d s
|0 (DE-588)4033114-3
|0 (DE-627)104360070
|0 (DE-576)209000309
|a Krieg
|2 gnd
|
| 689 |
3 |
|
|5 (DE-627)
|
| 689 |
4 |
0 |
|d s
|0 (DE-588)4141621-1
|0 (DE-627)105618969
|0 (DE-576)209712791
|a Aggressivität
|2 gnd
|
| 689 |
4 |
1 |
|d s
|0 (DE-588)4033114-3
|0 (DE-627)104360070
|0 (DE-576)209000309
|a Krieg
|2 gnd
|
| 689 |
4 |
2 |
|d s
|0 (DE-588)4129436-1
|0 (DE-627)105709891
|0 (DE-576)209610506
|a Sozialanthropologie
|2 gnd
|
| 689 |
4 |
|
|5 (DE-627)
|
| 700 |
1 |
|
|a Groebel, Jo
|d 1950-
|e Hrsg.
|0 (DE-588)12262551X
|0 (DE-627)082055262
|0 (DE-576)161205607
|4 edt
|
| 856 |
4 |
2 |
|u http://www.loc.gov/catdir/description/cam023/88020426.html
|v 2016-01-05
|x Verlag
|3 Verlagsangaben
|7 1
|
| 889 |
|
|
|w (DE-627)026813017
|
| 935 |
|
|
|i mdedup
|
| 935 |
|
|
|i Blocktest
|
| 936 |
r |
v |
|a CV 8000
|b Spezielle Probleme der Sozialpsychologie (Hochschule, Familie usw.)
|k Psychologie
|k Sozialpsychologie
|k Spezielle Probleme der Sozialpsychologie (Hochschule, Familie usw.)
|0 (DE-627)1270883720
|0 (DE-625)rvk/19169:
|0 (DE-576)200883720
|
| 936 |
r |
v |
|a CP 3800
|b Aggression, Frustration
|k Psychologie
|k Allgemeine Psychologie
|k Konflikt, Angst, Aggression, Frustration, Stress
|k Aggression, Frustration
|0 (DE-627)1270707809
|0 (DE-625)rvk/18982:
|0 (DE-576)200707809
|
| 936 |
r |
v |
|a MR 6100
|b Motivationstheorien
|k Soziologie
|k Sozialwissenschaftliche Theorien und Methoden
|k Psychologische Ansätze
|k Motivationstheorien
|0 (DE-627)1271374544
|0 (DE-625)rvk/123529:
|0 (DE-576)201374544
|
| 936 |
r |
v |
|a LB 51000
|b Darstellung ohne geografischen Bezug
|k Sozial- und Kulturanthropologie. Empirische Kulturwissenschaft
|k Soziale und politische Organisation und Praxis
|k Konflikte, Krieg, Frieden
|k Darstellung ohne geografischen Bezug
|0 (DE-627)1271143402
|0 (DE-625)rvk/90566:772
|0 (DE-576)201143402
|
| 938 |
1 |
0 |
|0 (DE-627)1756182345
|0 (DE-615)6605854
|a Aggressivität
|2 fivt
|
| 938 |
1 |
0 |
|0 (DE-627)1756202265
|0 (DE-615)6601804
|a Sozialanthropologie
|2 fivt
|
| 938 |
1 |
0 |
|0 (DE-627)1756162646
|0 (DE-615)6602106
|a Krieg
|2 fivt
|
| 951 |
|
|
|a BO
|
| ELC |
|
|
|b 1
|
| LOK |
|
|
|0 000 xxxxxcx a22 zn 4500
|
| LOK |
|
|
|0 001 3324470927
|
| LOK |
|
|
|0 003 DE-627
|
| LOK |
|
|
|0 004 275725367
|
| LOK |
|
|
|0 005 20151020133416
|
| LOK |
|
|
|0 008 900320||||||||||||||||ger|||||||
|
| LOK |
|
|
|0 040
|a DE-21
|c DE-627
|d DE-21
|
| LOK |
|
|
|0 852
|a DE-21
|
| LOK |
|
|
|0 852 1
|c KB 18 A 6307
|9 00
|
| LOK |
|
|
|0 935
|a krim
|
| LOK |
|
|
|0 939
|a 20-03-90
|b l01
|
| ORI |
|
|
|a SA-MARC-krimdoka001.raw
|
| SIG |
|
|
|a UB: KB 18 A 6307
|